Sports Quiz

Random Sports or MLB Quiz

Big 4 Teams - One Per Geographic Name Quiz Stats

 Plays Quiz not verified by Sporcle

Score 0/60 Timer 05:00
0 Plays Today
# of teams Teams % Correct
7Knicks, Jets, Giants, Yankees, Mets, Islanders, Rangers
98.5%
5Clippers, Lakers, Angels, Dodgers, Kings
96.3%
5Bulls, Bears, White Sox, Cubs, Blackhawks
95.6%
4Wizards, Redskins, Nationals, Capitals
94.1%
4Timberwolves, Vikings, Twins, Wild
93.4%
2Bengals, Reds
93.4%
2Panthers, Hurricanes
93.4%
476ers, Eagles, Phillies, Flyers
92.6%
3Mavericks, Cowboys, Stars
92.6%
3Rockets, Texans, Astros
92.6%
3Rams, Cardinals, Blues
92.6%
4Pistons, Lions, Tigers, Red Wings
91.9%
2Seahawks, Mariners
91.9%
3Hawks, Falcons, Braves
91.2%
3Heat, Dolphins, Marlins
91.2%
2Hornets, Saints
91.2%
3Celtics, Red Sox, Bruins
89.7%
3Cavaliers, Browns, Indians
89.7%
2Cardinals, Diamondbacks
89.7%
249ers, Giants
89.7%
3Steelers, Pirates, Penguins
89%
3Raptors, Blue Jays, Maple Leafs
88.2%
1Panthers
87.5%
1Spurs
86.8%
2Chargers, Padres
86.8%
2Raiders, Athletics
86%
2Chiefs, Royals
85.3%
2Bucks, Brewers
84.6%
2Ravens, Orioles
84.6%
1Packers
83.8%
# of teams Teams % Correct
1Canucks
83.8%
2Nuggets, Broncos
83.1%
1Oilers
83.1%
1Jazz
82.4%
1Colts
82.4%
1Jaguars
82.4%
1Thunder
81.6%
2Suns, Coyotes
81.6%
3Buccaneers, Rays, Lightning
80.9%
1Kings
80.1%
2Bills, Sabres
80.1%
1Rangers
80.1%
2Rockies, Avalanche
80.1%
2Nets, Devils
79.4%
1Trail Blazers
78.7%
1Titans
78.7%
1Patriots
78.7%
1Canadiens
78.7%
1Jets
77.9%
1Flames
76.5%
1Blue Jackets
75%
1Senators
73.5%
1Magic
72.1%
1Grizzlies
71.3%
1Warriors
70.6%
1Pacers
69.9%
1Predators
68.4%
1Bobcats
66.2%
1Sharks
66.2%
1Ducks
55.1%

You're not logged in!

Compare scores with friends on all Sporcle quizzes.
OR
Log In

Show Comments

Extras

Top Quizzes Today


Score Distribution

Your Account Isn't Verified!

In order to create a playlist on Sporcle, you need to verify the email address you used during registration. Go to your Sporcle Settings to finish the process.

Report this User

Report this user for behavior that violates our Community Guidelines.

Details: